000
00179 a2200097 4500
041
_a
spa
100
_a
Larragaą;Ana
245
_a
La gran rana bocona
942
_c
BK
952
_7
1
999
_c
20169
_d
20169